| 000 | 008050000a22002530004500 | ||
|---|---|---|---|
| 003 | LK-CoMWRAF | ||
| 005 | 20231120093317.0 | ||
| 008 | 230817t1998 ||||| |||| 00| 0 eng d | ||
| 040 |
_aLK-CoMWRAF _dLK-CoMWRAF _eLK-CoMWRAF |
||
| 041 | _aeng | ||
| 082 |
_a346.5 _bSHA |
||
| 245 |
_aShaping Women's Lives: _bLaws, Practices & Strategies in Pakistan |
||
| 260 |
_aLahore: _bShirkat Gah, _c1998 |
||
| 300 | _a xix, 492 pages ; 22 cm | ||
| 650 | _aFEMINISM | ||
| 650 | _aFamily Law-Pakistan | ||
| 650 | _aWomen(Islamic law)- Pakistan | ||
| 700 |
_aShaheed, Farida _eed. |
||
| 700 |
_aWarraich, Sohail Akbar _eed. |
||
| 700 |
_aBalchin, Cassandra _eed. |
||
| 700 |
_aGazdar, Aisha _eed. |
||
| 856 | _uhttps://shirkatgah.org/shirkat/wp-content/uploads/2017/01/Shaping-Womens-Lives.pdf | ||
| 942 | _cBK | ||
| 999 |
_c3137 _d3137 |
||